[Event "V Weekend A"]
[Site "Vignola ITA"]
[Date "2006.11.25"]
[Round "2"]
[White "Ricchi, Luca"]
[Black "Malfagia, Andrea"]
[Result "1-0"]
[WhiteElo "1969"]
[BlackElo "2277"]
[PlyCount "73"]
[EventDate "2006.11.24"]

1. d4 e6 2. c4 c5 3. d5 exd5 4. cxd5 d6 5. Nc3 g6 6. e4 Bg7 7. Bd3 Ne7 8. Bg5
h6 9. Bh4 O-O 10. Nf3 Bg4 11. h3 Bxf3 12. Qxf3 a6 13. Bf6 Nd7 14. Bxg7 Kxg7 15.
Qg3 Qc7 16. O-O b5 17. Rae1 Rae8 18. f4 c4 19. Bb1 Qc5+ 20. Kh1 b4 21. Nd1 Qd4
22. Ne3 Kh7 23. f5 Ne5 24. Ng4 Ng8 25. Nxe5 dxe5 26. Rd1 Qxb2 27. fxg6+ fxg6
28. d6 Nf6 29. Qe3 c3 30. d7 Rd8 31. Qc5 Qe2 32. Qe7+ Kh8 33. Rde1 Qd2 34. Rd1
Qg5 35. Rd6 Nh7 36. Rxf8+ Nxf8 37. Rf6 1-0

[Event "V Weekend A"]
[Site "Vignola ITA"]
[Date "2006.11.25"]
[Round "2"]
[White "Rigo, Gianfrancesco"]
[Black "Fragni, Enrico"]
[Result "1-0"]
[WhiteElo "2017"]
[BlackElo "1843"]
[PlyCount "125"]
[EventDate "2006.11.24"]

1. e4 c6 2. d4 d6 3. Nc3 Qc7 4. Nf3 Bg4 5. h3 Bh5 6. g4 Bg6 7. Bf4 Nd7 8. Bd3
e5 9. Bg3 Be7 10. d5 Ngf6 11. Nh4 Nc5 12. Nxg6 hxg6 13. f3 g5 14. Qd2 Nh7 15.
dxc6 bxc6 16. Bc4 Nf8 17. O-O-O Nfe6 18. Ne2 a5 19. Qc3 Na4 20. Qe3 Rb8 21.
Bxe6 fxe6 22. b3 Nb6 23. Nc3 a4 24. Rd3 axb3 25. axb3 Bf6 26. Bf2 d5 27. Qc5
Rb7 28. Qa5 d4 29. Na4 Nxa4 30. Qa8+ Rb8 31. Qxa4 Kf7 32. Qc4 Be7 33. Be1 Qa7
34. Kd1 Rb6 35. Ke2 Rhb8 36. h4 gxh4 37. f4 c5 38. fxe5 g5 39. Rf3+ Kg7 40.
Rhf1 Rf8 41. Rxf8 Bxf8 42. Bd2 Be7 43. Qa4 Qa6+ 44. Kf2 Qb5 45. Qxb5 Rxb5 46.
Ra1 Rb7 47. Ra6 Kf7 48. Kf3 Bd8 49. Rc6 Rc7 50. Rxc7+ Bxc7 51. Bxg5 Bxe5 52.
Bxh4 Bf6 53. Be1 Kg6 54. Ba5 Kg5 55. Bd2+ Kg6 56. Bf4 Be7 57. Bc7 Kg5 58. e5
Kh4 59. Bd6 Bg5 60. Bxc5 Be3 61. Be7+ Bg5 62. Bxg5+ Kxg5 63. b4 1-0

[Event "V Weekend A"]
[Site "Vignola ITA"]
[Date "2006.11.25"]
[Round "2"]
[White "Rossi, Aldo Bruno"]
[Black "De Biaggi, Paolo"]
[Result "0-1"]
[WhiteElo "1601"]
[BlackElo "1832"]
[PlyCount "54"]
[EventDate "2006.11.24"]

1. e4 e5 2. Nf3 Nf6 3. Nc3 Bb4 4. Bc4 Bxc3 5. bxc3 Nxe4 6. Nxe5 d5 7. Bb3 Qe7
8. O-O Qxe5 9. Re1 Be6 10. d4 Qd6 11. a4 Nxc3 12. Qd3 Ne4 13. Ba3 Qd7 14. c4
Nf6 15. Qg3 Rg8 16. cxd5 Nxd5 17. Qe5 c6 18. f4 Kd8 19. f5 Bxf5 20. Bxd5 Qxd5
21. Qe7+ Kc8 22. Rad1 Qd7 23. Qxd7+ Nxd7 24. Re7 Be6 25. Re1 Kd8 26. Rb1 Kc7
27. d5 Bxd5 0-1

[Event "V Weekend A"]
[Site "Vignola ITA"]
[Date "2006.11.25"]
[Round "2"]
[White "Roteglia, Giovanni"]
[Black "Muccini, Marco"]
[Result "0-1"]
[WhiteElo "1589"]
[BlackElo "1849"]
[PlyCount "86"]
[EventDate "2006.11.24"]

1. g3 d5 2. Bg2 e5 3. d3 c5 4. Nf3 Nc6 5. O-O Bg4 6. h3 Be6 7. Kh2 Nf6 8. Bg5
h6 9. Bxf6 Qxf6 10. Nc3 Be7 11. Nd2 Rd8 12. e4 d4 13. Ne2 g5 14. f3 Qg7 15. g4
h5 16. Ng3 h4 17. Nf5 Qf6 18. Re1 b5 19. Bf1 Bd6 20. Kh1 Ne7 21. Qe2 Ng6 22. a4
Nf4 23. Qd1 a6 24. axb5 axb5 25. Ra5 Bd7 26. Qa1 O-O 27. b3 Bxf5 28. exf5 Bc7
29. Ra6 Qe7 30. Ne4 f6 31. Qa3 Rd5 32. Ra1 Bd8 33. Ra7 Rd7 34. Rxd7 Qxd7 35.
Qxc5 Be7 36. Ra7 Bxc5 37. Rxd7 Ba3 38. Rb7 b4 39. Rb6 Kg7 40. Rb7+ Kg8 41. Rd7
Rf7 42. Rd6 Kg7 43. Nc5 Rc7 0-1

[Event "V Weekend A"]
[Site "Vignola ITA"]
[Date "2006.11.25"]
[Round "2"]
[White "Vincenzi, Marco"]
[Black "Cavazzoni, Carlo Alberto"]
[Result "1-0"]
[WhiteElo "2065"]
[BlackElo "1798"]
[PlyCount "53"]
[EventDate "2006.11.24"]

1. e4 e6 2. d4 d5 3. Nc3 Bb4 4. e5 c5 5. a3 cxd4 6. Qxd4 Nc6 7. Bb5 Bxc3+ 8.
Qxc3 Nge7 9. Nf3 Bd7 10. O-O Rc8 11. Bg5 a6 12. Bd3 h6 13. Bh4 g5 14. Bg3 O-O
15. Qd2 Ng6 16. Rfe1 Kg7 17. h3 f6 18. exf6+ Qxf6 19. Bxg6 Kxg6 20. c3 b5 21.
a4 bxa4 22. Rxa4 Ra8 23. Rxa6 Rxa6 24. Qd3+ Kh5 25. Qxa6 Ne7 26. Ne5 Bc8 27.
Qe2+ 1-0

[Event "V Weekend A"]
[Site "Vignola ITA"]
[Date "2006.11.25"]
[Round "3"]
[White "Arnetta, Marianna"]
[Black "Ricchi, Luca"]
[Result "0-1"]
[WhiteElo "2054"]
[BlackElo "1969"]
[PlyCount "102"]
[EventDate "2006.11.24"]

1. e4 e6 2. d4 d5 3. exd5 exd5 4. Bd3 Bd6 5. Nf3 Nc6 6. c3 Bg4 7. O-O Nge7 8.
Bg5 f6 9. Be3 Qd7 10. Nbd2 g5 11. Qc2 O-O-O 12. b4 h5 13. a4 h4 14. a5 Rdg8 15.
b5 Nb8 16. b6 a6 17. c4 Bxf3 18. Nxf3 g4 19. c5 gxf3 20. cxd6 Rxg2+ 21. Kh1
Qxd6 22. Bf5+ Nd7 23. Bxd7+ Kxd7 24. Qxc7+ Qxc7 25. bxc7 Kxc7 26. Bf4+ Kc8 27.
Ra3 Nc6 28. Rxf3 Rg4 29. Rc1 Kd7 30. h3 Rg6 31. Bh2 Re8 32. Rf5 Ke6 33. Rh5
Nxd4 34. Re1+ Kf7 35. Rxe8 Kxe8 36. Rxd5 Nf3 37. Rc5 Nxh2 38. Kxh2 Kd7 39. Rh5
Rg5 40. Rh7+ Kc6 41. Rxh4 Rxa5 42. Rf4 f5 43. h4 Kd6 44. h5 Ke6 45. Rc4 f4 46.
h6 Rh5+ 47. Kg2 Rxh6 48. Rc7 Rg6+ 49. Kf3 b5 50. Kxf4 Kd5 51. Ke3 Rc6 0-1

[Event "V Weekend A"]
[Site "Vignola ITA"]
[Date "2006.11.25"]
[Round "3"]
[White "Bocceda, Carlo"]
[Black "Di Trapani, Davide"]
[Result "1-0"]
[WhiteElo "1784"]
[BlackElo "1580"]
[PlyCount "43"]
[EventDate "2006.11.24"]

1. b4 d5 2. Bb2 e6 3. Nf3 Nf6 4. a3 b6 5. e3 Bb7 6. d4 Nbd7 7. Nbd2 c5 8. dxc5
bxc5 9. bxc5 Nxc5 10. Bb5+ Ncd7 11. Ne5 Bd6 12. Ndf3 O-O 13. O-O Nxe5 14. Nxe5
Qc7 15. Nf3 Rac8 16. Bxf6 gxf6 17. Bd3 e5 18. Bf5 Rcd8 19. Nh4 Qc4 20. Qh5 Rfe8
21. Qh6 Bc8 22. Bxh7+ 1-0

[Event "V Weekend A"]
[Site "Vignola ITA"]
[Date "2006.11.25"]
[Round "3"]
[White "Buriani, Andrea"]
[Black "Luciani, Valerio"]
[Result "1/2-1/2"]
[WhiteElo "2014"]
[BlackElo "2229"]
[PlyCount "72"]
[EventDate "2006.11.24"]

1. d4 f5 2. e4 fxe4 3. Nc3 Nf6 4. Bg5 Nc6 5. f3 e3 6. Bxe3 e5 7. dxe5 Nxe5 8.
Qd4 Nc6 9. Qd2 Bb4 10. a3 Ba5 11. b4 Bb6 12. Bxb6 axb6 13. b5 Ne5 14. f4 Nf7
15. Be2 O-O 16. Nf3 Qe7 17. a4 Ne4 18. Nxe4 Qxe4 19. O-O Re8 20. Ne5 d6 21. Bf3
Qf5 22. Nxf7 Kxf7 23. Bd5+ Kf8 24. Rfe1 Bd7 25. Bb3 Rxe1+ 26. Rxe1 Re8 27.
Rxe8+ Bxe8 28. h3 Bf7 29. Bxf7 Kxf7 30. Kh1 Qe4 31. Qd3 c6 32. bxc6 bxc6 33.
Qb3+ Kg6 34. Qxb6 Qxa4 35. Qc7 Qxf4 36. Qxc6 Qf1+ 1/2-1/2

[Event "V Weekend A"]
[Site "Vignola ITA"]
[Date "2006.11.25"]
[Round "3"]
[White "Calavalle, Giulio"]
[Black "Rigo, Gianfrancesco"]
[Result "1-0"]
[WhiteElo "2174"]
[BlackElo "2017"]
[PlyCount "114"]
[EventDate "2006.11.24"]

1. e4 c5 2. Bc4 e6 3. Nc3 Nc6 4. d3 Nf6 5. Bg5 h6 6. Bxf6 Qxf6 7. Nge2 a6 8. a4
b6 9. O-O g5 10. f4 gxf4 11. Nxf4 Qd4+ 12. Kh1 Be7 13. Qh5 Qe5 14. Qxe5 Nxe5
15. Bb3 h5 16. Nd1 Bb7 17. Ne3 O-O-O 18. Nc4 Nxc4 19. Bxc4 d5 20. exd5 exd5 21.
Ba2 b5 22. axb5 axb5 23. Bxd5 Rxd5 24. Nxd5 Bxd5 25. c4 bxc4 26. dxc4 Bc6 27.
Rxf7 Bd8 28. Raf1 Rg8 29. R7f2 Ba5 30. Rf8+ Rxf8 31. Rxf8+ Kc7 32. Rh8 Kd6 33.
Rh6+ Kd7 34. Rxh5 Bb4 35. h4 Be4 36. Re5 Bc2 37. h5 Kd6 38. Re3 Bf5 39. h6 Bd2
40. Rg3 Be4 41. Rh3 Bh7 42. Rg3 Bc1 43. Rg7 Be4 44. h7 Bxh7 45. Rxh7 Bxb2 46.
Rh5 Bd4 47. Rf5 Ke6 48. g4 Be3 49. Kg2 Bd4 50. Kf3 Bg1 51. Ke4 Bd4 52. g5 Bg1
53. Rf6+ Ke7 54. Rf1 Bd4 55. Kd5 Ke8 56. Rf4 Bg1 57. g6 Bd4 1-0

[Event "V Weekend A"]
[Site "Vignola ITA"]
[Date "2006.11.25"]
[Round "3"]
[White "Cambi, Enrico"]
[Black "Rossi, Aldo Bruno"]
[Result "1/2-1/2"]
[WhiteElo "1473"]
[BlackElo "1601"]
[PlyCount "49"]
[EventDate "2006.11.24"]

1. e4 e6 2. d4 d5 3. Nc3 Nf6 4. Bg5 Be7 5. e5 Nfd7 6. Bxe7 Qxe7 7. Nb5 Nb6 8.
Nf3 a6 9. Nc3 c5 10. dxc5 Qxc5 11. Qd4 Qxd4 12. Nxd4 Nc6 13. Nxc6 bxc6 14. Be2
a5 15. b3 Ba6 16. Bxa6 Rxa6 17. O-O O-O 18. Rad1 a4 19. Ra1 Rd8 20. Rfd1 axb3
21. axb3 Rda8 22. Rxa6 Rxa6 23. Kf1 Kf8 24. Ke2 Ke7 25. Kd3 1/2-1/2

[Event "V Weekend A"]
[Site "Vignola ITA"]
[Date "2006.11.25"]
[Round "3"]
[White "Cavazzoni, Carlo Alberto"]
[Black "Solinas, Roberto"]
[Result "0-1"]
[WhiteElo "1798"]
[BlackElo "1670"]
[PlyCount "118"]
[EventDate "2006.11.24"]

1. Nf3 d5 2. c4 e6 3. g3 c6 4. cxd5 exd5 5. d4 Bf5 6. Nc3 Nf6 7. Bg5 Be7 8.
Bxf6 Bxf6 9. Bg2 O-O 10. O-O h6 11. Rc1 Nd7 12. Qb3 Qb6 13. Qxb6 Nxb6 14. b3
Rfe8 15. e3 Be7 16. Nb1 Bd3 17. Rfe1 Bh7 18. Ne5 Bd6 19. Nd3 Nd7 20. a3 a5 21.
b4 axb4 22. Nxb4 Bxb1 23. Rxb1 Rxa3 24. Rec1 Nf6 25. Rb2 Bxb4 26. Rxb4 Re7 27.
Rb6 Ne8 28. Rcb1 Nd6 29. Bf1 Ra2 30. Bg2 Rd7 31. h4 Ra7 32. Bf1 Nc8 33. R6b2 b5
34. Rc2 Ne7 35. Bd3 g6 36. Bf1 Ra5 37. Rcb2 Rda7 38. Kh2 Ra1 39. Kg2 Rxb1 40.
Rxb1 Ra2 41. Kf3 Kg7 42. g4 Kf6 43. Rb4 Ke6 44. Bh3 Kd6 45. Bf1 Ng8 46. Bd3 Nf6
47. g5 hxg5 48. hxg5 Nh7 49. Kg3 Nxg5 50. f4 Nh7 51. f5 gxf5 52. Bxf5 Nf6 53.
Kf4 Rf2+ 54. Kg5 Ne4+ 55. Bxe4 dxe4 56. Kg4 Rf3 57. Rb3 Kd5 58. Rc3 Kd6 59. Ra3
f5+ 0-1

[Event "V Weekend A"]
[Site "Vignola ITA"]
[Date "2006.11.25"]
[Round "3"]
[White "Chiarion, Elisa"]
[Black "Fiorentini, Paolo"]
[Result "0-1"]
[WhiteElo "1712"]
[BlackElo "1578"]
[PlyCount "100"]
[EventDate "2006.11.24"]

1. e4 c5 2. Nf3 d6 3. d4 cxd4 4. Nxd4 Nf6 5. Nc3 a6 6. Be2 e6 7. O-O Qc7 8. Be3
Be7 9. Kh1 Nbd7 10. Nb3 O-O 11. a4 b6 12. f4 Bb7 13. Bf3 Nc5 14. Qe1 Ncxe4 15.
Nxe4 Nxe4 16. Bxb6 Qxb6 17. Bxe4 Bxe4 18. Qxe4 Rac8 19. Qe2 Bf6 20. Ra2 Rc7 21.
Nd2 Rxc2 22. Rb1 Qd4 23. Rd1 Rfc8 24. Raa1 Qxb2 25. h3 Rxd2 26. Qxd2 Qxd2 27.
Rxd2 Bxa1 28. Rxd6 a5 29. Rd3 Kf8 30. f5 e5 31. Kh2 Ke7 32. g4 Rc2+ 33. Kg1
Bd4+ 34. Kf1 Rc3 35. Rxc3 Bxc3 36. Ke2 Kd6 37. Kd3 Bd4 38. Kc4 Kc6 39. h4 Bf2
40. h5 g6 41. hxg6 hxg6 42. fxg6 fxg6 43. Kd3 Kd5 44. Kc2 Kd4 45. Kd2 e4 46.
Ke2 Be3 47. Ke1 Kd3 48. Kd1 Bd4 49. g5 e3 50. Ke1 Bc3+ 0-1

[Event "V Weekend A"]
[Site "Vignola ITA"]
[Date "2006.11.25"]
[Round "3"]
[White "De Biaggi, Paolo"]
[Black "Gandini, Gaudio"]
[Result "1-0"]
[WhiteElo "1832"]
[BlackElo "1879"]
[PlyCount "101"]
[EventDate "2006.11.24"]

1. e4 d6 2. d4 Nf6 3. Nc3 g6 4. f4 Bg7 5. Be2 c6 6. h3 b5 7. e5 dxe5 8. fxe5
Nd5 9. Nxd5 Qxd5 10. Nf3 Bf5 11. Be3 a5 12. c3 O-O 13. O-O Nd7 14. b3 Nb6 15.
Rc1 Qd8 16. Qd2 Nd5 17. Bh6 Qd7 18. Bxg7 Kxg7 19. Nh2 f6 20. c4 bxc4 21. bxc4
Nb6 22. Ng4 Bxg4 23. Bxg4 f5 24. Bf3 e6 25. Rfd1 a4 26. Qc3 Kg8 27. Rb1 Rfb8
28. Rb4 Qc7 29. Rdb1 Nd7 30. a3 Rxb4 31. Rxb4 Ra7 32. c5 Qc8 33. Qc4 Nb8 34.
Be2 Kf7 35. Rxa4 Rb7 36. Rb4 Rd7 37. Qb3 Rd8 38. Bc4 Kf8 39. Bxe6 Qc7 40. Rb7
Qa5 41. Rxb8 Rxb8 42. Qxb8+ Kg7 43. Qb7+ Kh6 44. Qxc6 Qxa3 45. Qf3 Qa1+ 46. Kf2
Kg7 47. Qe3 h6 48. c6 Qb2+ 49. Kg1 Qb1+ 50. Kh2 g5 51. c7 1-0

[Event "V Weekend A"]
[Site "Vignola ITA"]
[Date "2006.11.25"]
[Round "3"]
[White "Ferretti, Alessandro"]
[Black "Garofalo, Sergio"]
[Result "0-1"]
[WhiteElo "1733"]
[BlackElo "1815"]
[PlyCount "104"]
[EventDate "2006.11.24"]

1. e4 e5 2. Nf3 Nc6 3. Bb5 Bc5 4. O-O Qf6 5. Nc3 Nge7 6. Ne2 h6 7. c3 O-O 8. d4
Bb6 9. Be3 d6 10. Ng3 Bg4 11. d5 Nd8 12. Bxb6 axb6 13. Be2 Ng6 14. h3 Bxf3 15.
Bxf3 Nf4 16. Kh2 g6 17. Qd2 Qg7 18. Nh1 g5 19. Ng3 Qh7 20. Nf5 f6 21. Qd1 Nf7
22. Bg4 Rfe8 23. g3 h5 24. gxf4 hxg4 25. Qxg4 exf4 26. f3 Ne5 27. Qg2 Kf7 28.
Rh1 Qh5 29. Nd4 Rg8 30. Kg1 Qh4 31. Nf5 Qh5 32. Nd4 c5 33. dxc6 bxc6 34. Kf2 d5
35. exd5 cxd5 36. a3 Rae8 37. Rad1 Qh4+ 38. Kg1 Nc4 39. Nf5 Qh7 40. Rxd5 Re1+
41. Kh2 Rxh1+ 42. Kxh1 Kg6 43. b3 Ne3 44. Nxe3 fxe3 45. f4 Qe7 46. fxg5 fxg5
47. Rd4 Rc8 48. Re4 Qd7 49. Rxe3 Qd1+ 50. Kh2 Rf8 51. Qe4+ Rf5 52. Rf3 Qxf3 0-1

[Event "V Weekend A"]
[Site "Vignola ITA"]
[Date "2006.11.25"]
[Round "3"]
[White "Fragni, Enrico"]
[Black "Muccini, Maurizio"]
[Result "1-0"]
[WhiteElo "1843"]
[BlackElo "1454"]
[PlyCount "43"]
[EventDate "2006.11.24"]

1. c4 d6 2. Nc3 Nf6 3. h3 g6 4. d4 Bg7 5. Bg5 O-O 6. Nf3 Bf5 7. g4 Nxg4 8. hxg4
Bxg4 9. Qd2 Bxf3 10. exf3 Re8 11. O-O-O Nc6 12. Ne2 h5 13. Bh6 Bh8 14. Be3 a5
15. Nf4 e5 16. Nxh5 gxh5 17. Rh3 Kh7 18. Bd3+ e4 19. fxe4 Bxd4 20. e5+ Kh8 21.
Bxd4 Rg8 22. Qh6# 1-0

[Event "V Weekend A"]
[Site "Vignola ITA"]
[Date "2006.11.25"]
[Round "3"]
[White "Grandi, Davide"]
[Black "Prisco, Lorenzo"]
[Result "0-1"]
[WhiteElo "1691"]
[BlackElo "1452"]
[PlyCount "52"]
[EventDate "2006.11.24"]

1. c4 e5 2. Nc3 Nf6 3. g3 Bc5 4. Bg2 d6 5. h3 Nbd7 6. e3 Rb8 7. Nge2 a6 8. d4
Ba7 9. O-O O-O 10. Qc2 h6 11. d5 Nh7 12. Kh1 Ndf6 13. e4 Bd7 14. f4 exf4 15.
Bxf4 Nh5 16. Qd2 Nxf4 17. Rxf4 Ng5 18. Kh2 Qc8 19. Rh4 Bxh3 20. Rxh3 Qxh3+ 21.
Bxh3 Nf3+ 22. Kg2 Nxd2 23. b3 Rfe8 24. Rd1 Nxe4 25. Rd3 Nxc3 26. Nxc3 Re1 0-1

[Event "V Weekend A"]
[Site "Vignola ITA"]
[Date "2006.11.25"]
[Round "3"]
[White "Malfagia, Andrea"]
[Black "Gigli, Claudio"]
[Result "1-0"]
[WhiteElo "2277"]
[BlackElo "1674"]
[PlyCount "67"]
[EventDate "2006.11.24"]

1. d4 d5 2. c4 e6 3. Nc3 Nf6 4. cxd5 exd5 5. Bg5 Be7 6. e3 Nbd7 7. Bd3 O-O 8.
Nge2 Re8 9. O-O Nf8 10. Qb3 c6 11. f3 Ne6 12. Bh4 g6 13. Rad1 Rb8 14. Kh1 Ng7
15. e4 Be6 16. e5 Nd7 17. Bxe7 Qxe7 18. Ng3 Nf8 19. Rd2 Qd7 20. Nd1 h5 21. Ne3
Rec8 22. Qa3 a6 23. b4 Qe7 24. Rb2 Ra8 25. Qc3 Nd7 26. f4 h4 27. Ne2 Nf5 28.
Bxf5 Bxf5 29. Nxf5 gxf5 30. Qh3 Nb6 31. Rb3 Nc4 32. Ng3 Nd2 33. Nxf5 Qf8 34.
Qg4+ 1-0

[Event "V Weekend A"]
[Site "Vignola ITA"]
[Date "2006.11.25"]
[Round "3"]
[White "Mancini, Andrea"]
[Black "Roteglia, Giovanni"]
[Result "0-1"]
[WhiteElo "1553"]
[BlackElo "1589"]
[PlyCount "120"]
[EventDate "2006.11.24"]

1. e4 c5 2. Nf3 d6 3. d4 cxd4 4. Nxd4 Nf6 5. Nc3 g6 6. f3 Bg7 7. Be3 O-O 8. Qd2
Nc6 9. O-O-O Bd7 10. Be2 Nxd4 11. Bxd4 Qc7 12. g4 Qa5 13. Kb1 Be6 14. a3 Rfc8
15. h4 Bc4 16. Bxc4 Rxc4 17. Rh2 Rxd4 18. Qxd4 Nxg4 19. Qd2 Nxh2 20. Qxh2 Bxc3
21. bxc3 Rc8 22. Rd3 Rxc3 23. Qd2 Rc5 24. Qxa5 Rxa5 25. c4 b6 26. f4 Rc5 27.
Rc3 b5 28. Kb2 Kf8 29. cxb5 Rxb5+ 30. Kc2 Rc5 31. Rxc5 dxc5 32. Kc3 Ke8 33. Kc4
Kd7 34. Kxc5 Kc7 35. a4 e6 36. e5 h6 37. a5 a6 38. Kd4 Kc6 39. Kc4 h5 40. Kc3
Kc5 41. Kd3 Kb4 42. Kd4 Kb5 43. Kc3 Kxa5 44. Kc4 Kb6 45. Kb4 a5+ 46. Kb3 Kb5
47. Ka3 a4 48. Ka2 Kb4 49. Kb2 a3+ 50. Ka2 Ka4 51. Kb1 Kb3 52. Ka1 Kc3 53. Ka2
Kd4 54. Kxa3 Ke4 55. Kb3 Kxf4 56. Kc3 Kxe5 57. Kd3 Kf4 58. Ke2 e5 59. Kf2 e4
60. Ke2 e3 0-1

[Event "V Weekend A"]
[Site "Vignola ITA"]
[Date "2006.11.25"]
[Round "3"]
[White "Muccini, Andrea"]
[Black "Lenti, Cosimo"]
[Result "0-1"]
[WhiteElo "1599"]
[BlackElo "1460"]
[PlyCount "54"]
[EventDate "2006.11.24"]

1. e4 e5 2. Nc3 Nf6 3. Nge2 Nc6 4. g3 Bc5 5. Bg2 O-O 6. O-O a6 7. d3 d6 8. a3
Bg4 9. Bg5 Nd4 10. Kh1 h6 11. Bxf6 Qxf6 12. Nd5 Qd8 13. f3 Be6 14. Nxd4 Bxd4
15. c3 Ba7 16. Qb3 c6 17. Qxb7 cxd5 18. exd5 Qd7 19. Qxa6 Bxd5 20. c4 Bd4 21.
Qb5 Qxb5 22. cxb5 Bxb2 23. Rab1 Bxa3 24. Rfd1 Bc5 25. b6 Rab8 26. Rb5 Bc6 27.
Rb3 Ba4 0-1

[Event "V Weekend A"]
[Site "Vignola ITA"]
[Date "2006.11.25"]
[Round "3"]
[White "Muccini, Marco"]
[Black "Del Gaiso, Massimo"]
[Result "1-0"]
[WhiteElo "1849"]
[BlackElo "1458"]
[PlyCount "59"]
[EventDate "2006.11.24"]

1. d4 e6 2. c4 b6 3. Nc3 Bb7 4. e4 Bb4 5. Bd3 d5 6. cxd5 exd5 7. e5 Nc6 8. Qg4
Bf8 9. Nge2 Nb4 10. Bb1 Nh6 11. Qg3 Bc8 12. f4 Bf5 13. O-O c6 14. Qf3 Qh4 15.
Bxf5 Nxf5 16. Bd2 Nc2 17. Qd3 Nxa1 18. Qxf5 g6 19. Qd3 O-O-O 20. Rxa1 h5 21. a4
Rd7 22. a5 b5 23. Rc1 Rc7 24. a6 Bh6 25. Nxb5 cxb5 26. Rxc7+ Kxc7 27. Ba5+ Kd7
28. Qxb5+ Ke6 29. Qc6+ Kf5 30. Ng3+ 1-0

[Event "V Weekend A"]
[Site "Vignola ITA"]
[Date "2006.11.25"]
[Round "3"]
[White "Panini, Emanuele"]
[Black "Vincenzi, Marco"]
[Result "1/2-1/2"]
[WhiteElo "2009"]
[BlackElo "2065"]
[PlyCount "97"]
[EventDate "2006.11.24"]

1. e4 c5 2. Nf3 d6 3. d4 cxd4 4. Nxd4 Nf6 5. Nc3 g6 6. Be2 Bg7 7. Be3 O-O 8.
O-O Nc6 9. a3 d5 10. exd5 Nxd5 11. Nxd5 Qxd5 12. Bf3 Qe5 13. Nxc6 bxc6 14. c3
Qc7 15. Qa4 Rb8 16. Rab1 Bf5 17. Be4 Bxe4 18. Qxe4 Rb5 19. Bd4 e5 20. Be3 Rd5
21. c4 Rd7 22. Rfd1 Rfd8 23. Qc2 e4 24. Rxd7 Qxd7 25. Kf1 f5 26. Ke1 a6 27. b4
Kf8 28. Rd1 Qxd1+ 29. Qxd1 Rxd1+ 30. Kxd1 Ke7 31. g3 Kd7 32. Kc2 Kc8 33. Kb3
Kb7 34. a4 Be5 35. b5 cxb5 36. axb5 axb5 37. cxb5 Bc7 38. Kb4 Bb6 39. Bxb6 Kxb6
40. Kc4 g5 41. Kb4 f4 42. gxf4 gxf4 43. Kc4 e3 44. fxe3 fxe3 45. Kd3 Kxb5 46.
Kxe3 Kc5 47. Kf4 Kd6 48. Kg5 Ke7 49. Kh6 1/2-1/2

[Event "V Weekend A"]
[Site "Vignola ITA"]
[Date "2006.11.25"]
[Round "3"]
[White "Paoli, Walter"]
[Black "Barbieri, Giovanni"]
[Result "1/2-1/2"]
[WhiteElo "2012"]
[BlackElo "2067"]
[PlyCount "46"]
[EventDate "2006.11.24"]

1. Nf3 Nf6 2. c4 c5 3. g3 Nc6 4. Bg2 d5 5. O-O e5 6. cxd5 Nxd5 7. Nc3 Nc7 8. d3
Be7 9. Be3 O-O 10. Ne4 Ne6 11. Rc1 b6 12. Ned2 Bd7 13. Nc4 f6 14. Qb3 Kh8 15.
Ncd2 Rc8 16. a3 Qe8 17. Ne4 h6 18. Nc3 Bd6 19. Qd1 f5 20. Ne1 Ncd4 21. Bxd4
exd4 22. Nd5 f4 23. Nc2 Bc6 1/2-1/2

[Event "V Weekend A"]
[Site "Vignola ITA"]
[Date "2006.11.25"]
[Round "3"]
[White "Sfera, Mattia"]
[Black "Pelliconi, Vanes"]
[Result "0-1"]
[WhiteElo "1927"]
[BlackElo "1542"]
[PlyCount "96"]
[EventDate "2006.11.24"]

1. e4 c5 2. d3 Nc6 3. g3 d6 4. Bg2 Nf6 5. f4 g6 6. Nf3 Bg7 7. O-O O-O 8. c3 Rb8
9. h3 e5 10. g4 b5 11. f5 h6 12. fxg6 fxg6 13. g5 hxg5 14. Bxg5 Be6 15. Nh4 Qe8
16. Nd2 Rb7 17. Qe2 Nh7 18. Rxf8+ Nxf8 19. Rf1 Rf7 20. Kh2 Rxf1 21. Qxf1 Qf7
22. Qe1 Bd7 23. b3 Ne6 24. Ndf3 a5 25. Qg3 Nf8 26. Nd2 Ne6 27. Ndf3 Be8 28. Bf1
b4 29. Bd2 Nf4 30. c4 Ne6 31. Be2 Ncd4 32. Bd1 Qf6 33. Nxd4 Nxd4 34. Nf3 Ne6
35. Nh4 Nf4 36. Ng2 Bh6 37. Nxf4 Bxf4 38. Bxf4 exf4 39. Qf2 Bd7 40. Bf3 Kg7 41.
Qg2 Qh4 42. Be2 g5 43. Bg4 Bxg4 44. Qxg4 Qxg4 45. hxg4 Kf6 46. Kg2 Ke5 47. Kf3
Kd4 48. Ke2 Kc3 0-1

[Event "V Weekend A"]
[Site "Vignola ITA"]
[Date "2006.11.25"]
[Round "3"]
[White "Vezzelli, Francesco"]
[Black "Pazzini, Elia"]
[Result "0-1"]
[WhiteElo "1531"]
[BlackElo "1641"]
[PlyCount "91"]
[EventDate "2006.11.24"]

1. e4 d6 2. d4 Nf6 3. Nc3 e5 4. dxe5 dxe5 5. Qxd8+ Kxd8 6. a3 Be6 7. Bg5 a6 8.
Nf3 Bd6 9. Nd2 Nbd7 10. Bc4 Nb6 11. Bxe6 fxe6 12. Bxf6+ gxf6 13. a4 Ke7 14. Nd1
Rad8 15. Ne3 Rd7 16. a5 Nc8 17. c3 Bc5 18. Ke2 Rhd8 19. Rhd1 Nd6 20. f3 Bxe3
21. Kxe3 Nc4+ 22. Nxc4 Rxd1 23. Rxd1 Rxd1 24. Ke2 Rd8 25. b4 Kd7 26. Nb2 Kc6
27. g3 Kb5 28. g4 c5 29. Nd3 Rxd3 30. Kxd3 cxb4 31. cxb4 Kxb4 32. h4 Kc5 33.
Ke3 b5 34. axb6 Kxb6 35. Kd3 Kc5 36. h5 a5 37. f4 exf4 38. e5 a4 39. exf6 Kd6
40. g5 a3 41. Kc2 a2 42. g6 hxg6 43. hxg6 a1=Q 44. f7 Qg7 45. Kd2 Ke7 46. Ke2
0-1

[Event "V Weekend A"]
[Site "Vignola ITA"]
[Date "2006.11.25"]
[Round "3"]
[White "Zoboli, Andrea"]
[Black "Ravazzini, Luca"]
[Result "0-1"]
[WhiteElo "1682"]
[BlackElo "1569"]
[PlyCount "46"]
[EventDate "2006.11.24"]

1. e4 e6 2. d4 d5 3. Nd2 dxe4 4. Nxe4 Nd7 5. Nf3 Ngf6 6. Nxf6+ Nxf6 7. Bc4 Be7
8. O-O O-O 9. c3 b6 10. Qe2 Bb7 11. Re1 Re8 12. Ng5 Bd6 13. f3 c5 14. Be3 Qc7
15. g3 h6 16. Ne4 Nxe4 17. fxe4 cxd4 18. Bxd4 Bxe4 19. Qxe4 Qxc4 20. Qg4 e5 21.
Qe4 exd4 22. Qxe8+ Rxe8 23. Rxe8+ Kh7 0-1

[Event "V Weekend A"]
[Site "Vignola ITA"]
[Date "2006.11.26"]
[Round "4"]
[White "Del Gaiso, Massimo"]
[Black "Ferretti, Alessandro"]
[Result "0-1"]
[WhiteElo "1458"]
[BlackElo "1733"]
[PlyCount "60"]
[EventDate "2006.11.24"]

1. e4 c5 2. d4 cxd4 3. c3 dxc3 4. Nxc3 Nc6 5. Nf3 Nf6 6. Bc4 e6 7. O-O d6 8.
Qe2 a6 9. Rd1 Qc7 10. a3 Be7 11. Bf4 Nh5 12. Be3 O-O 13. Rac1 Qa5 14. Ba2 Nf6
15. Bg5 Rd8 16. Qe3 h6 17. Bh4 Qh5 18. Bg3 Nh7 19. Ne2 e5 20. Qb6 Ng5 21. Nxg5
Bxg5 22. f4 Bg4 23. fxg5 Bxe2 24. Rd2 Qxg5 25. Rcc2 Bh5 26. Qxb7 Nd4 27. Rxd4
exd4 28. Bf2 d3 29. h4 dxc2 30. hxg5 c1=Q+ 0-1

[Event "V Weekend A"]
[Site "Vignola ITA"]
[Date "2006.11.26"]
[Round "4"]
[White "Di Trapani, Davide"]
[Black "Sfera, Mattia"]
[Result "0-1"]
[WhiteElo "1580"]
[BlackElo "1927"]
[PlyCount "178"]
[EventDate "2006.11.24"]

1. e4 e6 2. d4 d5 3. Nc3 Bb4 4. Nge2 Nf6 5. Bg5 dxe4 6. a3 Be7 7. Bxf6 Bxf6 8.
Nxe4 Nd7 9. c3 b6 10. N2g3 Bb7 11. Bd3 O-O 12. h4 e5 13. Qf3 Kh8 14. Nh5 exd4
15. Qg3 Re8 16. f3 Nc5 17. O-O Rg8 18. Bc4 Ne6 19. Rad1 c5 20. Qh3 Bxh4 21. g3
g6 22. Bxe6 gxh5 23. Bxf7 Rg7 24. Kh2 Bxe4 25. Qxh4 Qxh4+ 26. gxh4 Bc2 27. Rd2
Rxf7 28. Rxc2 d3 29. Rd2 c4 30. Kg3 Re8 31. b3 b5 32. bxc4 bxc4 33. f4 Rb7 34.
f5 Kg7 35. Rf4 Rc8 36. f6+ Kf7 37. Kf3 Rb3 38. Rg2 d2 39. Rxd2 Rxc3+ 40. Kf2
Rc7 41. Rd6 Rxa3 42. Rd1 c3 43. Ke2 Ra2+ 44. Ke1 c2 45. Rc1 a5 46. Rf5 a4 47.
Rxh5 Kxf6 48. Rh6+ Ke5 49. Ra6 Kd4 50. Kd2 a3 51. Ra4+ Ke5 52. Ra5+ Kf4 53.
Ra4+ Kg3 54. h5 Rc5 55. Ra7 Rxh5 56. Kc3 Rh2 57. Rg7+ Kf4 58. Rf7+ Ke5 59. Re7+
Kf6 60. Ra7 h5 61. Rc7 h4 62. Kb3 Rb2+ 63. Kxa3 Rb1 64. R7xc2 Rxc2 65. Rxc2 Kg5
66. Rc8 h3 67. Rg8+ Kf4 68. Rf8+ Kg3 69. Rg8+ Kh2 70. Ka2 Rg1 71. Rh8 Rg3 72.
Kb1 Kh1 73. Kc2 h2 74. Kd2 Kg2 75. Ke2 h1=Q 76. Rxh1 Kxh1 77. Kf2 Ra3 78. Ke2
Kg2 79. Kd2 Kf3 80. Kc2 Ke4 81. Kd2 Kd4 82. Ke2 Rd3 83. Kf2 Re3 84. Kg2 Ke4 85.
Kf2 Kf4 86. Kg2 Ra3 87. Kh2 Kg4 88. Kg2 Ra2+ 89. Kf1 Kf3 0-1